| 000 | 00939nam a2200301 a 4500 | ||
|---|---|---|---|
| 001 | 32479 | ||
| 003 | BD-RjUL | ||
| 005 | 20211209051836.0 | ||
| 008 | 140426r19721962stk b 001 0 eng d | ||
| 020 | _a0852240260 | ||
| 035 | _a(BD-RjUL)32568 | ||
| 040 |
_aLC _beng _cLC _dSUSA _dBD-RjUL |
||
| 041 | _aeng | ||
| 082 | 0 | 4 |
_a297.2 _bWAI 1967 _220 |
| 100 | 1 |
_aWatt, W. Montgomery _q(William Montgomery) _952732 |
|
| 245 | 1 | 0 |
_aIslamic philosophy and theology / _cW. Montgomery Watt. |
| 260 |
_aEdinburgh : _bUniversity Press, _cc1962 [reprinted 1964,1967, 1972]. |
||
| 300 |
_axxiii, 196 p. ; _c21 cm. |
||
| 504 | _aIncludes bibliographical references and index. | ||
| 650 | 0 |
_aIslam _xDoctrines. _998831 |
|
| 650 | 0 |
_aIslamic philosophy. _998832 |
|
| 830 |
_aIslamic surveys ; 1 _9111914 |
||
| 942 |
_2ddc _cBK |
||
| 999 |
_c32479 _d32479 |
||